Microeconomic Foundations I Choice and Competitive Markets

Salvato in:
Dettagli Bibliografici
Autore principale: Kreps, David M.
Natura: Libro
Lingua:inglese
Pubblicazione: Princeton Princeton University Press 2013
Soggetti:
Tags: Aggiungi Tag
Nessun Tag, puoi essere il primo ad aggiungerne!!

MARC

LEADER 00000nam a2200000 4500
001 0277284
005 20230109114700.4
020 |a 978-0-691-15583-8 
041 0 |a eng 
044 |a US 
245 1 0 |a Microeconomic Foundations I  |b Choice and Competitive Markets  |c David M. Kreps 
264 1 |a Princeton  |b Princeton University Press  |c 2013 
300 |a 563 s. 
610 2 0 |a mikroekonomika 
610 2 0 |a trh 
610 2 0 |a konkurencia 
610 2 0 |a dopyt 
610 2 0 |a spotrebitelia 
610 2 0 |a rovnováha 
610 2 0 |a modelovanie ekonometrické 
100 1 |a Kreps, David M.